Архитектурное наследие на рубеже XX и XXI веков (Запись № 1168825)

Подробности
000 -МАРКЕР
контрольное поле 01684nam0a2200301 4500
001 - ИДЕНТИФИКАТОР ЗАПИСИ
контрольное поле RU\NLR\bibl\1701287
005 - ИДЕНТИФИКАТОР ВЕРСИИ
контрольное поле 20260407225204.0
010 ## - МЕЖДУНАРОДНЫЙ СТАНДАРТНЫЙ НОМЕР КНИГИ (ISBN)
Номер (ISBN) 978-5-396-00122-0
035 ## - ДРУГИЕ СИСТЕМНЫЕ НОМЕРА
Идентификатор записи (NLR Aleph) 001692364
100 ## - ДАННЫЕ ОБЩЕЙ ОБРАБОТКИ
Данные общей обработки 20100902d2010 |||y0rusy50 ca
101 0# - ЯЗЫК РЕСУРСА
Язык текста, звукозаписи и т.д. русский
102 ## - СТРАНА ПУБЛИКАЦИИ ИЛИ ПРОИЗВОДСТВА
Страна публикации Российская Федерация
105 ## - ПОЛЕ КОДИРОВАННЫХ ДАННЫХ: ТЕКСТОВЫЕ МАТЕРИАЛЫ, МОНОГРАФИЧЕСКИЕ
Кодированные данные о монографическом текстовом документе a |||||||||
200 1# - ЗАГЛАВИЕ И СВЕДЕНИЯ ОБ ОТВЕТСТВЕННОСТИ
Основное заглавие Архитектурное наследие на рубеже XX и XXI веков
Сведения, относящиеся к заглавию проблемы реставрации и охраны наследия
-- [сборник]
Первые сведения об ответственности Рос. акад. архитектуры и строит. наук, НИИ теории и истории архитектуры и градостроительства
Последующие сведения об ответственности под ред. д-ра архитектуры, проф. А.С. Щенкова
210 ## - ПУБЛИКАЦИЯ, РАСПРОСТРАНЕНИЕ И ДР.
Место издания, распространения и т.д. Москва
Имя издателя, распространителя и т. д. URSS
-- КРАСАНД
Дата издания, распространения и т.д. 2010
215 ## - ФИЗИЧЕСКАЯ ХАРАКТЕРИСТИКА
Специфическое обозначение материала и объем 144 с.
Другие сведения о физической характеристике ил.
Размеры 21
320 ## - ПРИМЕЧАНИЯ О НАЛИЧИИ В ДОКУМЕНТЕ БИБЛИОГРАФИИ / УКАЗАТЕЛЯ
Текст примечания Библиогр. в подстроч. примеч.
606 1# - НАИМЕНОВАНИЕ ТЕМЫ КАК ПРЕДМЕТ
Наименование темы Архитектурные памятники
Формальный подзаголовок Сборники
Тематический подзаголовок Реставрация
Географический подзаголовок Российская Федерация
Системный номер авторитетной/нормативной записи 2326748
Идентификатор авторитетной/нормативной записи RU\NLR\auth\661391660
606 1# - НАИМЕНОВАНИЕ ТЕМЫ КАК ПРЕДМЕТ
Наименование темы Архитектурные памятники
Формальный подзаголовок Сборники
Тематический подзаголовок Охрана
Географический подзаголовок Российская Федерация
Системный номер авторитетной/нормативной записи 2326742
Идентификатор авторитетной/нормативной записи RU\NLR\auth\661391656
686 ## - ИНДЕКСЫ ДРУГИХ КЛАССИФИКАЦИЙ
Индекс Щ113(2Р)л60я43
702 #1 - ИМЯ ЛИЦА - ВТОРИЧНАЯ ОТВЕТСТВЕННОСТЬ
Начальный элемент ввода Щенков
Часть имени, кроме начального элемента ввода А. С.
Расширение инициалов личного имени Алексей Серафимович
Код отношения Редактор
712 02 - НАИМЕНОВАНИЕ ОРГАНИЗАЦИИ - ВТОРИЧНАЯ ОТВЕТСТВЕННОСТЬ
Код отношения Прочие
Начальный элемент ввода НИИ теории и истории архитектуры и градостроительства
Идентифицирующий признак Москва
Системный номер авторитетной/нормативной записи 802584
Идентификатор авторитетной/нормативной записи RU\NLR\AUTH\8810153729
801 #0 - ИСТОЧНИК ЗАПИСИ
Страна Российская Федерация
Организация NLR
Дата составления 20100902
Правила каталогизации RCR
801 #1 - ИСТОЧНИК ЗАПИСИ
Страна Российская Федерация
Организация NLR
Дата составления 20100902
942 ## - ДОПОЛНИТЕЛЬНЫЕ ЭЛЕМЕНТЫ ЗАПИСИ (АБИС)
Тип экземпляра АБИС Книга
980 ## - КОЛЛЕКЦИЯ
Название коллекции Национальная библиография
Экземпляры
Тип экземпляра Дата поступления Источник поступления Стоимость Библиотека постоянного хранения Библиотека текущего хранения Место хранения Шифр хранения Штрих-код Статус экземпляра
Книга 17.11.2010 Покупка 292.00 РНБ (Московский) РНБ (Московский) Русский книжный фонд: издания с 1957 года 2010-3/37825 1-715581  
Книга 11.04.2012 Покупка 336.00 РНБ (Московский) РНБ (Московский) Фонд общего зала литературы по филологии, педагогике и искусству (гуманитарной литературы) Л1 Щ11/А-878 1-427409  
Книга 16.02.2011 Покупка 292.00 РНБ (Садовая) РНБ (Садовая) Универсальный читальный зал У Щ11(2)/А-878 1-219702